| 000 | 01029nam0a22002771 4500 | ||
|---|---|---|---|
| 001 | rc\869095 | ||
| 005 | 20041129093305.2 | ||
| 035 | _a(NLR Aleph) 006047830 | ||
| 090 |
_a4773096 _c4773096 |
||
| 100 | _a20041129d1984 u |0rusy50 ca | ||
| 101 | 0 | _arus | |
| 102 | _aRU | ||
| 105 | _ay ||||||||| | ||
| 200 | 1 |
_aСоциалистический образ жизни и здоровье _fТестемицану Н.А., Попушой Е.П., Тинтюк Д.В. |
|
| 210 |
_aКишинев _cО-во "Знание" МССР _d1984 |
||
| 215 |
_a27 с. _d20 |
||
| 300 | _aВ надзаг.: О-во "Знание" МССР | ||
| 320 | _aБиблиогр.: с. 26-27 (10 назв.) | ||
| 700 | 1 |
_aТестемицану _bН. А. _gНиколай Андреевич |
|
| 701 | 1 |
_aПопушой _bЕ. П. _gЕвгений Петрович |
|
| 701 | 1 |
_aТинтюк _bД. В. _gДмитрий Васильевич |
|
| 801 | 0 |
_aRU _bNLR _gpsbo |
|
| 801 | 1 |
_aRU _bELAR _2rusmarc |
|
| 852 |
_aNLR _j85-4/24613 |
||
| 942 | _cBOOK | ||
| 980 | _aNB | ||